GeoLogisch 1 - Statistiken

Allgemein
  • Dieses Quiz wurde 108 mal gespielt
  • Das Durchschnittsergebnis liegt bei 9 aus 15
Antwortstatistiken
Frage Antwort % Korrekt
Der größte Fluss im Trentino heißt auf italienisch Adige. Wie heißt er auf Deutsch? Etsch
100%
Wie heißt die flache Kopfbedeckung jüdischer Männer? Kippa
100%
Wie heißt Dublins Prachtstraße? O'Connell Street
100%
Der größte See im US-Bundesstaat Utah ist der… … Salt Lake
100%
Welcher Wasserfall im Nationalpark Yosemite hat die höchste Fallhöhe? Yosemite Falls
100%
Wie hieß die Stadt Kayserı am Rand von Kappadokien früher? Caesarea
67%
Der Name Kolumbien ist von… … einer Person abgeleitet
67%
Beim Tai-Chi hat das Qi eine besondere Bedeutung. Was ist das? Lebensenergie
67%
Wie heißt der hellste Stern im Sternbild Kleiner Bär? Polarstern (Polaris)
67%
Wo findet der größte Käsemarkt der Niederlande statt? Alkmaar
33%
Welches ist das älteste Ostseebad Deutschlands? Heiligendamm
33%
Was wurde am 01.01.1804 in Haiti proklamiert? Unabhängigkeit
33%
Für wen sind die ersten ein bis zwei Wagons der U-Bahn in Neu-Delhi reserviert? Frauen
0%
In welche Stadt an der Côte d'Azur lockt das Zitronenfest alljährlich Hunderttausende Besucher? Menton
0%
Toronto hat die größte Shopping-Untergrundstadt der Welt; Wie heißt sie? Path
0%
Keine übereinstimmenden Quizze gefunden
Verteilung der Resultate
Anzahl Personen mit jedem Resultat
Perzentil nach korrekt beantworteten Fragen
Ihre Resultats-Entwicklung
Sie haben dieses Quiz noch nicht gespielt